[Event "Linz"]
[Site "Linz"]
[Date "1997.05.21"]
[Round "5"]
[White "Casagrande, Harald"]
[Black "Almasi, Zoltan"]
[Result "0-1"]
[WhiteElo "2365"]
[BlackElo "2595"]
[Annotator "Finkel,A"]
[PlyCount "112"]
[EventDate "1997.05.17"]
[EventType "tourn"]
[EventRounds "9"]
[EventCountry "AUT"]
[EventCategory "12"]
[SourceTitle "CBM 059"]
[Source "ChessBase"]
[SourceDate "1997.08.01"]
[SourceVersion "1"]
[SourceVersionDate "1997.08.01"]
[SourceQuality "1"]

1. d4 {Hecht} Nf6 2. Bg5 d5 3. Bxf6 gxf6 $5 4. e3 c5 5. c4 cxd4 6. Qxd4 {
More chances to get an advantage gives} (6. exd4 $5 Nc6 (6... Qb6 7. Nc3 Qxb2 (
7... dxc4 $5) 8. Nxd5 Bf5 9. Qc1 (9. Nc7+ Kd8 10. Nxa8 Bc2 $1 11. Qc1 Qc3+ 12.
Ke2 Qd3+ 13. Ke1 Qc3+ $11) 9... Qxc1+ 10. Rxc1 Na6 11. Ne3 Bg6 12. c5 Nc7 13.
Nf3 $13 {Hort,V-Tatai,S/Venice 1971 (43)}) 7. cxd5 (7. c5 $6 Rg8 8. Nc3 e5 $5
9. Bb5 Rxg2 10. Qf3 Rg6 11. Qxd5 exd4 12. Bxc6+ bxc6 13. Qxc6+ Bd7 $15 {
Wall,T-Sadler,M/ch-British, Nottingham ENG 1996 (21)}) 7... Qxd5 8. Nf3 Bg4 9.
Be2 O-O-O 10. Nc3 Qa5 11. d5 $5 e6 12. O-O exd5 13. Nd4 Be6 14. Rc1 $44 {
Kinsman Andrew P H-Skembris Spyridon/It (open), Cannes (France) 1995 (32)})
6... dxc4 7. Qxd8+ Kxd8 8. Bxc4 e6 (8... Be6 $6 9. Bxe6 fxe6 10. Nc3 a6 11.
Nge2 Nc6 12. Nf4 e5 13. Rd1+ Ke8 14. Nfd5 $14 {Toll,A-Suprani,A/NATO-ch 1989 
(34)}) 9. Nc3 a6 10. Nge2 (10. Nf3 $5 $14) 10... Nc6 11. O-O Bg7 12. Nf4 (12.
Rfd1+ Ke7 13. Rac1 Bd7 14. Na4 Rhd8 15. Nb6 Rab8 16. Nf4 $14) 12... f5 13. Rac1
Ke7 14. Be2 Rb8 $5 15. Na4 Bd7 16. b3 Rhd8 $11 {Finaly black has completed
development of the pieces and now the pair of bishop (espacially darksquared
one) becomes very dangerous force.} 17. Nc5 Nb4 $1 18. a3 Na2 19. Rc2 Nc3 20.
Bf3 Bb5 21. Nxb7 $2 {White blunders an exchange and the rest becomes a matter
of quiet easy technique,while after} (21. Rfc1 b6 22. a4 $1 (22. Nb7 Rdc8 $17)
22... bxc5 23. axb5 Nxb5 24. Rxc5 Rd2 $11 {the position remains completly
equal.}) 21... Rxb7 $1 22. Rxc3 Bxf1 23. Kxf1 Bxc3 24. Bxb7 Rd1+ $17 25. Ke2
Rd6 $1 26. Nd3 Rb6 27. Nc5 Bb2 28. Bxa6 Bxa3 29. b4 Bxb4 30. Nd3 Rxa6 $19 {
Black has reached winning position without making any efforts and now easily
converts the advantage into win.} 31. Nxb4 {Hecht: 4-4 Bauern erhöhen die
Gewinnchancen für die Turmseite erheblich. Schwarz gewinnt durch Annäherung
des Königs vom Damenflügel her.} Ra4 32. Nd3 Rh4 33. h3 Kf6 {The idea of black
is to make white to move his pawns,then to put his rook on the queenside,to
transfer e5 and to penitrate with the king to d3 or d2.Inspite of the fact
that it takes some time white is totally defensless against it.} 34. f4 $6 Ke7
35. Ne5 f6 36. Nc6+ Kd6 37. Nd4 Rh6 38. Kf3 (38. Nf3 {Hecht} Kd5 39. Nd2 Rg6
40. Kf3 h5 {und das Auflösen eines Bauern mittels e4 hilft wohl auch nicht
weiter.}) 38... Rg6 39. Nb5+ Kc6 40. Nd4+ Kd5 41. Ne2 h5 $1 {Depriving white
counterplay connected with g4.} 42. Nd4 Rg8 43. Kf2 Rg7 44. Ne2 Ke4 45. Nc3+ (
45. Ng3+ {Hecht} Rxg3 46. Kxg3 Kxe3 47. Kh4 Kxf4 48. Kxh5 e5 $19) 45... Kd3 46.
Nb5 Rd7 $1 {Trapping the knight on the queenside.} 47. Kf3 e5 48. fxe5 fxe5 49.
g3 Rd5 50. Nc7 Rc5 51. Ne6 Rc1 52. Ng7 e4+ 53. Kf4 Rf1+ 54. Kg5 Kxe3 55. Nxh5
Kd3 56. g4 e3 0-1

[Event "FIDE-Wch k.o."]
[Site "Moscow"]
[Date "2001.11.29"]
[Round "2.1"]
[White "Anastasian, Ashot"]
[Black "Leko, Peter"]
[Result "1/2-1/2"]
[WhiteElo "2588"]
[BlackElo "2739"]
[Annotator "Finkel,A"]
[PlyCount "64"]
[EventDate "2001.11.27"]
[EventType "k.o."]
[EventRounds "7"]
[EventCountry "RUS"]
[SourceTitle "CBM 086"]
[Source "ChessBase"]
[SourceDate "2002.02.05"]
[SourceVersion "1"]
[SourceVersionDate "2002.02.05"]
[SourceQuality "1"]

1. d4 Nf6 2. Bg5 d5 3. e3 c5 4. Bxf6 gxf6 5. c4 cxd4 6. exd4 (6. Qxd4 dxc4 7.
Qxd8+ Kxd8 8. Bxc4 e6 (8... Be6 $6 9. Bxe6 fxe6 10. Nc3 a6 11. Nge2 Nc6 12. Nf4
e5 13. Rd1+ Ke8 14. Nfd5 $14 {Toll,A-Suprani,A/NATO-ch 1989 (34)}) 9. Nc3 a6
10. Nge2 (10. Nf3 $5 $14) 10... Nc6 11. O-O Bg7 12. Nf4 f5 13. Rac1 Ke7 14. Be2
Rb8 $5 15. Na4 Bd7 16. b3 Rhd8 $11 {Casagrande,H-Almasi,Z/Linz 1997/CBM 59})
6... Qb6 $5 {Attacking the pawn on b2} (6... Nc6 7. c5 (7. Nc3 dxc4 (7... e5 8.
Nf3 Bg4 9. cxd5 Bxf3 10. Qxf3 Nxd4 11. Bb5+ Nxb5 12. Nxb5 Qd7 13. O-O $14 {
Ivanisevic,I-Solak,D/Lazarevac 1999/CBM 73}) 8. Nf3 Bg4 9. Bxc4 Bg7 10. d5 Ne5
11. Bb5+ Kf8 12. Be2 Bxf3 13. Bxf3 Qb6 $13 {Summerscale,A-Georgiev,V/Linares
1999/CBM 68}) (7. cxd5 Qxd5 8. Nf3 e5 $5 $146 (8... Bg4 9. Be2 O-O-O 10. Nc3
Qa5 11. d5 e6 (11... Nb4 12. O-O Nxd5 13. Nxd5 Rxd5 14. Rc1+ Kb8 15. Qb3 $44)
12. O-O exd5 13. Nd4 Be6 $15 {Kinsman Andrew P H-Skembris Spyridon/It (open),
Cannes (France) 1995}) 9. Nc3 Bb4 10. Qd2 {[%cal Rc3d5]} (10. dxe5 Qxd1+ 11.
Rxd1 fxe5 12. Bb5 f6) 10... Bxc3 11. bxc3 exd4 12. cxd4 Rg8 13. Rc1 {[%cal
Gf1c4]} Be6 $132 {San Segundo Carrillo,P-Andersson,U/Pamplona 1998/CBM 63})
7... Rg8 8. Nc3 e5 9. Bb5 Rxg2 10. Qf3 Rg6 11. Qxd5 exd4 12. Bxc6+ bxc6 13.
Qxc6+ Bd7 14. Qe4+ Qe7 $15 {Wall,T-Sadler,M/Nottingham 1996/CBM 54 ext}) 7. Nc3
Qxb2 (7... dxc4 $5) 8. Nxd5 Bf5 9. Qc1 {[%cal Gd5c7] White is not satisfied
with a draw after} (9. Nc7+ Kd8 10. Nxa8 Bc2 $1 11. Qc1 Qc3+ 12. Ke2 Qd3+ 13.
Ke1 Qc3+ $11 {and neither side can deviate from repitition of moves.}) 9...
Qxc1+ 10. Rxc1 Na6 11. c5 (11. Ne3 Bg6 12. c5 Nc7 13. Nf3 O-O-O 14. Be2 Bh6 15.
O-O Be4 16. Rc4 Rhg8 $13 {Hort,V-Tatai,S/Venice 1971/EXT 99}) 11... Bh6 12. Ne3
(12. Rc3 $6 Be6 13. Ne3 Nb4 14. a3 Nd5 15. Nxd5 Bxd5 $15) 12... Nc7 13. Bc4 Be4
{[%csl Rg2]} 14. Ne2 e6 $6 {Black is just too solid. Deserved attention} (14...
Bxe3 $5 15. fxe3 Bxg2 16. Rg1 Bd5 (16... Bc6 17. Kf2 e6 $13) 17. Bxd5 Nxd5 18.
e4 Nc7 19. Rb1 O-O-O 20. Rg7 Rdf8 21. Kd2 Ne6 $15 {and white still has to
prove that he has sufficient compensation for the pawn.}) 15. O-O O-O-O 16.
Rcd1 Rhg8 17. f4 b6 $11 (17... f5) 18. cxb6 axb6 19. g3 f5 20. Rd2 Bg7 21. Kf2
Kb7 22. Rfd1 Rd6 (22... Rd7 23. Bb3 Rgd8 24. Nc4 Bd5 25. Ne5 Bxb3 26. axb3 Bxe5
27. fxe5 Nd5 $11) 23. Bb3 Rgd8 24. Nc4 R6d7 25. Ne5 {With every exchange of
the pieces draw comes closer and closer, but neither side can play for a win
in this position.} Bxe5 26. fxe5 Bd5 27. Nf4 Bxb3 28. axb3 Nd5 (28... Nb5 29.
Ke3 Rc7 30. Rd3 Nc3 31. Ra1 $11) 29. Nxd5 Rxd5 30. Ke3 Rb5 31. Rd3 Ra8 32. Kf4
Rg8 1/2-1/2

[Event "Bundesliga 0405"]
[Site "Germany"]
[Date "2004.12.12"]
[Round "6.4"]
[White "Skytte, Rasmus"]
[Black "Babula, Vlastimil"]
[Result "0-1"]
[WhiteElo "2392"]
[BlackElo "2571"]
[Annotator "Finkel,A"]
[PlyCount "48"]
[EventDate "2004.11.12"]
[EventType "team-tourn"]
[EventRounds "15"]
[EventCountry "GER"]
[SourceTitle "CBM 105"]
[Source "ChessBase"]
[SourceDate "2005.04.11"]
[SourceVersion "1"]
[SourceVersionDate "2005.04.11"]
[SourceQuality "1"]
[WhiteTeam "Preetz"]
[BlackTeam "Werder Bremen"]
[WhiteTeamCountry "GER"]
[BlackTeamCountry "GER"]

1. d4 {Ftacnik} Nf6 2. Nf3 g6 3. Nc3 d5 4. Bf4 Bg7 5. Qd2 O-O 6. Bh6 c5 {
Starting counterplay on the queenside and in the center.} 7. Bxg7 Kxg7 8. e3 ({
Another possible continuation is} 8. dxc5 {, but black doesn't seem to have
any problems to reach equality.} Nc6 (8... Qa5 9. e4 dxe4 10. Nxe4 Qc7 (10...
Qxd2+ 11. Nexd2 Nbd7 12. Nb3 Ne4 13. c6 bxc6 14. Nfd2 Nxd2 15. Kxd2 Nf6 16. Bd3
Ng4 $11 {Dudas,J-Kerek,K/Budapest 1998}) 11. Qc3 Bf5 12. Nxf6 exf6 13. Nd4 Bg4
14. f3 Bd7 15. O-O-O Rc8 16. Nb3 $14 {Rakic,T-Polgar,Z/Novi Sad 1990}) (8...
Na6 9. Rd1 Nxc5 10. Nxd5 Nce4 11. Qb4 Nxd5 12. Qxe4 Qa5+ 13. c3 Nf6 14. Qxe7
Qxa2 15. Qa3 Qxa3 16. bxa3 Be6 $44 {Oliwa,M-Wojtkiewicz,A/Brzeg Dolny 1996}) 9.
e3 (9. Rd1 e6 10. e4 dxe4 11. Ng5 Qxd2+ 12. Rxd2 Nd7 13. Bb5 $14 {Rakic,
T-Petursson,M/Ljubljana 1981}) 9... Bg4 10. Nd4 e5 11. Nxc6 bxc6 12. f3 Be6 13.
Na4 Qc7 14. Ba6 Rad8 15. b3 d4 16. e4 $16 {Gurgenidze,B-Geller,E/Moscow 1979})
(8. O-O-O cxd4 9. Qxd4 Nc6 10. Qc5 e6 11. e4 Qe7 12. Qxe7 Nxe7 13. exd5 Nexd5
14. Nxd5 Nxd5 $11 {Gruskovnjak,T-Supancic,D/Bled 2002}) 8... cxd4 $5 (8... Nc6
9. O-O-O cxd4 10. exd4 a6 11. Ne5 Bf5 12. Nxc6 bxc6 13. f3 Qa5 14. g4 Be6 15.
h4 h5 $13 {Fronczek,B-Pielmeier,T/Baden 1998}) 9. exd4 Qb6 10. O-O-O {Ftacnik:
'White is in aggressive mood, but his king on the queenside will become an
object of interest for the black pieces.'} (10. Nd1 {Ftacnik} Ne4 $15) 10...
Bg4 {May be it was more accurate to put the bishop on f5 right away.} 11. Be2
Nc6 12. h3 (12. Ne5 $6 Bxe2 13. Qxe2 Nxd4 14. Qd2 Nc6 (14... Nb5 $1 {Ftacnik}
15. Nxd5 Qe6 16. Nxf6 exf6 17. Nd7 Qxa2 18. Qb4 Rad8 $1 19. Qxb5 Rfe8 20. Rhe1
a6 21. Qd3 Qa1+ 22. Kd2 Qa4 $15) 15. Nxd5 Nxd5 16. Qxd5 Rad8 $15) 12... Bf5 {
It was safer to trade the bishop on f3, but black intends to launch an attack
on the queenside.} (12... Bxf3 13. Bxf3 e6 14. g4 Rac8 (14... h6 {Ftacnik} 15.
h4 $13) 15. g5 Ne8 16. Qf4 Qc7 $13) 13. Nh4 (13. g4 $5 {Ftacnik} Be4 (13... Be6
14. Qe3 Rfc8 15. Kb1 $14) 14. g5 Ne8 15. Nxe4 dxe4 16. Ne5 Nxe5 17. dxe5 Nc7
18. Bc4 $14) 13... Be6 14. f4 Rac8 15. f5 $2 {This move appears to be the
decisive mistake. It was necessary to take precautions against Nb4 by playing 
Ftacnik: 'Consequent and false, Skytte is blind to the mounting danger around
his king.'} (15. Kb1 $1 Rfd8 16. f5 gxf5 17. g4 Ne4 18. Nxe4 fxe4 19. Rhf1 $44
{with double edged position.}) 15... Nb4 $1 $40 {[%csl Rc1][%cal Gf6e4] Very
strong reply exposing the weakness of the white king.} 16. Kb1 (16. a3 Ne4 (
16... Rxc3 $5 17. axb4 Ne4 18. Qf4 Qxb4 $1 19. fxe6 Ra3 $1 $19) 17. Nxe4 Rxc2+
18. Qxc2 Nxc2 19. Kxc2 dxe4 20. fxe6 fxe6 $19 (20... Qxe6 $19 {Ftacnik})) (16.
fxe6 $2 {Ftacnik} Rxc3 $1 17. Qxc3 (17. bxc3 Nxa2#) (17. Kb1 Ne4 18. Qf4 Rxc2
$19) 17... Nxa2+ $19) 16... Ne4 17. Nxe4 dxe4 ({Another continuation leading
to the decisive advantage was} 17... Rxc2 18. Qxb4 Qxb4 19. Kxc2 dxe4 20. fxe6
fxe6 $19 {[%csl Rh4][%cal Gf8f2]}) 18. fxe6 (18. a3 Nxc2 19. fxe6 Nxa3+ 20. Ka2
Rc2 $19) 18... Rxc2 19. Qxc2 (19. Nf5+ Kh8 20. Qh6 Rxb2+ 21. Kxb2 Nd3+ 22. Kc3
Qb4+ 23. Kc2 Qb2#) 19... Nxc2 20. Kxc2 Qc7+ (20... Qxe6 {Ftacnik} 21. Kb1 Qf6
22. g3 Qf2 $19) 21. Kb1 Qg3 $1 {[%csl Rh4]} 22. Nf3 $6 (22. exf7 Qxh4 (22...
Rxf7 23. Nf3 Qxg2 24. Ne5 Qxe2 25. Nxf7 Kxf7 $17) 23. Bc4 Qg3 24. Be6 Qxg2 $19)
22... Qxg2 {Ftacnik: 'Very witty solution, black sees that white pieces have
no chance to get a semblance of coordination.'} 23. Rh2 Qg3 24. Rg1 Qd6 {
[%csl Rf3,Rh2]} 0-1

[Event "Srajber Memorial 08th"]
[Site "Subotica"]
[Date "2003.12.02"]
[Round "5"]
[White "Benkovic, Petar"]
[Black "Popovic, Dusan"]
[Result "0-1"]
[WhiteElo "2463"]
[BlackElo "2448"]
[Annotator "Finkel,A"]
[PlyCount "72"]
[EventDate "2003.11.06"]
[EventType "tourn"]
[EventRounds "11"]
[EventCountry "YUG"]
[EventCategory "10"]
[SourceTitle "CBM 099"]
[Source "ChessBase"]
[SourceDate "2004.03.30"]
[SourceVersion "1"]
[SourceVersionDate "2004.03.30"]
[SourceQuality "1"]

1. d4 Nf6 2. Bg5 g6 3. Bxf6 exf6 4. e3 d5 5. c4 dxc4 6. Bxc4 Bd6 7. Nc3 O-O (
7... f5 8. Nf3 O-O 9. h4 h5 10. Qb3 c6 11. a4 a5 12. O-O Kg7 13. Ng5 Qe7 14. e4
Bb4 $13 {Fruestueck,C-Buescher,A/Germany 2000}) 8. Qc2 (8. Nge2 Nd7 9. h4 (9.
O-O c6 10. Rc1 f5 11. g3 Nf6 12. Qc2 Qe7 13. Rfd1 Rd8 14. Bb3 Be6 $11 {Bombek,
P-Gorusa,M/Slovakia 1997}) 9... Nb6 10. Bb3 h5 11. e4 c6 12. Qd2 Kg7 13. O-O-O
a5 14. a4 Qe7 $132 {Podvrsnik,M-Osterman,R/Slovenia 1991}) 8... Nd7 9. h4 Nb6
10. Bb3 $6 {The bishop should be placed on d3 and not on b3. After the move in
the game white finds himself without an active plan.} (10. Bd3 {[%csl Gg6]} h5
(10... c5 11. dxc5 Bxc5 12. h5 Qe7 13. Nge2 Be6 14. Nf4 $14) 11. Bxg6 fxg6 12.
Qxg6+ Kh8 13. Qh6+ Kg8 $11) 10... c5 11. dxc5 Bxc5 12. Nge2 Bf5 $1 {Forcing
white to play e4.} 13. e4 Bg4 14. h5 g5 15. a4 $6 {It's hard to blame white
for trying to get control over d5, but an advance of an a-pawn helps black to
open lines on the queenside and seize the initiative.} (15. Ng3 Rc8 16. O-O Qc7
17. Kh1 Qe5 $15) 15... Rc8 16. Rd1 Qe7 17. a5 Nd7 18. Bd5 (18. f3 Be6) 18...
Ne5 19. Qb3 b6 $1 {[%cal Gb8b2]} 20. axb6 Bxb6 $15 21. Qb5 $6 {Very strange
move.} Rb8 22. Qa4 Bc5 23. b3 $6 {[%csl Rc3] Another mistake after which
nothing can save white.} (23. Qc2) 23... Rfc8 $17 24. Bc4 $2 Nxc4 25. bxc4 Bxe2
$1 26. Kxe2 (26. Nxe2 Qxe4 $19) 26... Rb4 27. Qa2 Qe5 28. Rh3 Bb6 $1 29. Kf1
Rbxc4 30. Ne2 Rxe4 31. Rf3 Re8 32. Rd2 g4 33. Rg3 Qf5 34. f3 Qc5 35. Rd4 Rxd4
36. Nxd4 Qc1+ 0-1

[Event "Manila zt 3.2a"]
[Site "Manila"]
[Date "2001.04.28"]
[Round "7"]
[White "Villamayor, Buenaventura"]
[Black "Paragua, Mark"]
[Result "1-0"]
[WhiteElo "2560"]
[BlackElo "2454"]
[Annotator "Finkel,A"]
[PlyCount "69"]
[EventDate "2001.04.24"]
[EventType "swiss"]
[EventRounds "9"]
[EventCountry "PHI"]
[SourceTitle "CBM 083"]
[Source "ChessBase"]
[SourceDate "2001.07.05"]
[SourceVersion "1"]
[SourceVersionDate "2001.07.05"]
[SourceQuality "1"]

1. d4 Nf6 2. Nf3 g6 3. Nc3 d5 4. Bf4 c6 5. h3 Ne4 (5... Bg7 6. e3 O-O 7. Bd3
Nbd7 (7... Bd7 8. O-O Na6 9. a3 Nc7 10. Ne5 Ne6 11. Bh2 Ng5 12. f4 $14 {
De Bruijn,A-Vellekoop,K/8th AKN Weekender 1999}) 8. O-O c5 (8... Re8 9. Ne5
Nxe5 10. Bxe5 Nd7 11. Bxg7 Kxg7 12. f4 e6 13. e4 dxe4 14. Bxe4 Nf6 $13 {
Schmidlin,E-Dumas Aviles,A/CHI-ch 1998}) 9. Ne5 cxd4 10. exd4 Qb6 11. Bb5 e6
12. Qd2 $11 {Cukier,M-Zaveskis,L/WchJM-U20 1995}) 6. e3 $5 {Interesting
approuch!} (6. Nxe4 dxe4 7. Ne5 Nd7 8. Nxd7 Qxd7 9. e3 Bg7 10. Bc4 O-O 11. O-O
$14) 6... Nxc3 7. bxc3 Nd7 8. Bd3 (8. c4 Qa5+ 9. Qd2 Qxd2+ 10. Kxd2 dxc4 11.
Bxc4 Bg7 12. e4 $14) 8... Bg7 9. O-O O-O 10. c4 dxc4 11. Bxc4 c5 12. Bb3 ({
After} 12. c3 cxd4 13. cxd4 Nb6 14. Bb3 Bf5 {arising position is typical for
Gruenfeld defense.}) 12... Qa5 13. Re1 a6 14. a4 b6 15. Ra2 $5 {Awkward move,
which however is not so bad due to the idea behind it!} (15. Bd5 $5 Ra7 16. c4
Bb7 17. Bxb7 Rxb7 18. Qd3 cxd4 19. exd4 e6 20. Qe4 $1 Ra7 21. Qc6 $14) 15...
Bb7 $132 16. d5 Qb4 $5 {[%cal Gb6b5]} 17. c4 b5 18. Qc2 Nb6 19. Rb1 $1 {
[%cal Gb1b7]} a5 $5 (19... bxc4 20. Bxc4 Qxc4 21. Qxc4 Nxc4 22. Rxb7 $14) (
19... Qc3 $6 20. Qxc3 Bxc3 21. Bc7 Nd7 22. axb5 axb5 23. cxb5 $16) 20. e4 (20.
Nd2 $5 Qc3 (20... bxc4 $2 21. Bxc4 {[%csl Rb4]}) (20... Bc3 21. Bc7 $1 Bxd2 22.
Bxb6 $1 bxc4 23. Bxc4 Qc3 24. Bxc5 $18) 21. axb5 (21. cxb5 Nxd5 (21... Bxd5 22.
Bxd5 Nxd5 23. Ne4 Qxc2 24. Rxc2 $16 {[%csl Rc5]}) 22. Bxd5 Bxd5 23. Qxc3 Bxc3
24. Rc2 Bb4 $13) 21... a4 22. Qxc3 (22. Ne4 $2 axb3 23. Qxc3 bxa2 $1) 22...
Bxc3 23. Ne4 (23. Bd1 Bxd2 24. Rxd2 Nxc4 $132) 23... Bb4 24. Bc2 Nxc4 25. Rxa4
Rxa4 26. Bxa4 Bxd5 $11) 20... bxc4 21. Bxc4 Qxc4 22. Rxb6 $2 (22. Qxc4 Nxc4 23.
Rxb7 $14 {[%csl Rc4,Rc5,Re7]}) 22... Ba6 $6 (22... Bxd5 $1 {[%cal Gc4f4]} 23.
exd5 Qxf4 24. Qxc5 Bf6 $13) 23. Be5 Qxc2 (23... f6 $6 24. Bg3 Qf1+ 25. Kh2 Bd3
26. Qxc5 Bxe4 27. Rb7 $36) 24. Rxc2 Bd3 $6 (24... Rfc8) 25. Rxc5 Bxe4 26. Bxg7
Kxg7 27. Nd2 {[%csl Ra5]} Bf5 28. Nc4 Bc2 29. Rb2 $1 $16 Be4 (29... Bxa4 $2 30.
Nb6 Bd1 31. Nxa8 Rxa8 32. Rb1 $18) 30. Re2 f5 31. d6 $5 Rfc8 $2 {A blunder in
difficult position.} (31... exd6 32. Nxd6 Bd3 33. Re3 Bb1 34. Re7+ Kf6 35. Rxh7
$18) 32. Rxc8 Rxc8 33. dxe7 Kf6 34. f3 Kxe7 35. Nd2 1-0

[Event "Capablanca Memorial Elite 36th"]
[Site "Havana"]
[Date "2001.05.15"]
[Round "9"]
[White "Miles, Anthony John"]
[Black "Dominguez Perez, Leinier"]
[Result "1/2-1/2"]
[WhiteElo "2562"]
[BlackElo "2556"]
[Annotator "Finkel,A"]
[PlyCount "100"]
[EventDate "2001.05.05"]
[EventType "tourn"]
[EventRounds "12"]
[EventCountry "CUB"]
[EventCategory "13"]
[SourceTitle "CBM 084"]
[Source "ChessBase"]
[SourceDate "2001.09.13"]
[SourceVersion "1"]
[SourceVersionDate "2001.09.13"]
[SourceQuality "1"]

1. d4 d5 2. Bf4 Nf6 3. e3 c5 4. c3 Nc6 5. Nd2 Qb6 (5... e6 6. Bd3 Be7 7. h3 O-O
8. Ngf3 Bd6 9. Ne5 Bxe5 10. dxe5 Nd7 11. Nf3 h6 12. Bc2 Re8 13. O-O b6 14. e4
$14 {Shirov,A-Sakaev,K/Sochi 1986/EXT 2000}) 6. Qc2 (6. Qb3 c4 7. Qc2 Nh5 8.
Bg5 h6 9. Bh4 g5 10. Be2 Ng7 11. Bg3 Nf5 12. Ngf3 Bg7 13. e4 Nxg3 14. hxg3 e6
15. Nh2 $14 {Kovacevic,V-Pinter,J/Plovdiv 1983/EU-chT}) 6... cxd4 (6... e6 7.
h3 Bd7 8. Ngf3 Rc8 9. Qb3 Qxb3 10. axb3 a6 11. Bd3 Be7 12. O-O O-O 13. dxc5
Bxc5 14. b4 Bb6 15. Bd6 Rfe8 $11 {Janowski,D-Morrison,J/New York 1918/HCL}) (
6... g6 7. Ngf3 Bg7 8. Be2 O-O 9. Ne5 Bf5 10. Qb3 Nxe5 11. Bxe5 c4 12. Qxb6
axb6 13. f3 b5 14. g4 Be6 15. Kf2 Ra7 $11 {Zaitseva,L-Prudnikova,S/Elista 1998/
CBM 64}) 7. exd4 Bg4 8. Ngf3 (8. Bd3 Bh5 9. Ngf3 Bg6 10. Bxg6 hxg6 11. h3 e6
12. O-O Be7 13. Rab1 O-O 14. Rfe1 Rfe8 15. Qd1 Bf8 16. Ng5 Ne7 17. Qf3 Nf5 18.
Be5 $36 {Szurovszky,E-Gal,G/Salgotarjan 1978/EXT 99}) 8... Rc8 9. Qb3 $5 {
Tony Miles is a great expert in this kind of positions and also in this game
he manages to create serious advantage out of nothing.} e6 (9... Qxb3 $6 10.
axb3 a6 (10... e6 11. Ne5 {[%csl Ra7]} a6 (11... Nxe5 $2 12. dxe5 Nh5 13. Be3
$16 {[%csl Ra7][%cal Gh2h3,Gg2g4]}) 12. Nxg4 Nxg4 13. b4 Be7 14. Nb3 $14 {
[%cal Gb3c5]}) 11. b4 e6 12. b5 axb5 13. Bxb5 Nd7 14. h3 Bh5 15. g4 Bg6 16. Ne5
$1 Ndxe5 17. Bxe5 $14 {[%csl Rb7][%cal Ga1a7]}) 10. Ne5 Nxe5 11. Qxb6 axb6 12.
Bxe5 $14 Nd7 (12... Be7 13. Bb5+ Kd8 14. O-O Bh5 15. a4 $14) 13. Bb5 Kd8 14.
Bg3 Nb8 15. O-O Nc6 16. a4 $1 {From now on white's play is simply perfect: he
increases pressure move by move finally getting winning position.} Ra8 (16...
Be7 17. Nb3 Bf6 18. a5 Nxa5 19. Nxa5 bxa5 20. Rxa5 $16 {[%csl Rb7][%cal Gf1a1,
Ga5a7]}) 17. a5 $1 {It's necesary to open a-file even at the cost of a pawn.} (
17. Nb3 Na5) 17... bxa5 (17... Rxa5 18. Rxa5 (18. Bd3 $6 Be7 19. Nb3 Rxa1 20.
Rxa1 Kd7 $17) 18... Nxa5 (18... bxa5 19. Ra1 (19. Nb3 Na7 20. Bd3 b6 $15) 19...
Na7 20. Rxa5 Nxb5 21. Rxb5 Kc8 22. Ra5 $16 {[%cal Ga5a8,Ga8b8]}) 19. Ra1 $1 {
[%cal Gb2b4,Ga1a8]} f6 20. b4 Nc6 21. Bxc6 bxc6 22. Ra6 $14) 18. Nb3 Be7 19.
Ra2 Kc8 20. Rfa1 Bd8 21. Nc5 {[%cal Gb2b4]} Bb6 (21... Nb8 22. b4 b6 23. Nb3
Kb7 24. bxa5 bxa5 25. c4 $1 $40 {[%csl Ra8,Rb7]}) 22. b4 Na7 {After this move
black seems to solve all his problems, but Mies finds very nice way to show
that white still has enough attacking resourses.} (22... Bxc5 $6 23. dxc5 f6 (
23... e5 $2 24. Bxc6 bxc6 25. Bxe5 f6 26. Bd6 Kb7 27. bxa5 $16) 24. Bd6 e5 25.
bxa5 (25. Bxc6 $5 bxc6 26. bxa5 Ra6 $6 27. Rb2 Kd7 28. Rb7+ Ke6 29. f3 $18 {
[%cal Gg2g4,Gb7e7]}) 25... Kd7 26. a6 bxa6 27. Rxa6 Rxa6 28. Rxa6 Rc8 29. Ra7+
$16) 23. Nd7 $1 (23. Bd7+ Kd8 24. Bh4+ Kc7 $11) 23... Bd8 24. Rxa5 $1 Bxa5 25.
Rxa5 b6 $8 (25... Kd8 26. Nb6 Ke7 27. Bd3 h6 28. b5 $18 {[%cal Gb6a8,Gb5b6]}) (
25... Nxb5 $2 26. Nb6+ Kd8 27. Rxa8+ $18) 26. Ra2 {This is stronger than} (26.
Nxb6+ $5 Kb7 27. Nxa8 Nxb5 28. Rxb5+ Kxa8 29. f3 Bf5 (29... Bh5 30. c4 $1 $18)
30. Rc5 Bg6 31. Be5 $16 {and black may hold this position.}) 26... Rd8 $5 (
26... Nxb5 27. Rxa8+ Kxd7 28. Rxh8 Bf5 29. Rb8 $1 Kc6 (29... Nxc3 30. Rb7+ Ke8
31. Rxb6 Ne2+ 32. Kf1 Nxd4 33. Be5 $18) 30. f3 $18) 27. Ne5 Bh5 28. Ba6+ Kc7
29. Nxf7+ Kc6 30. Nxd8+ Rxd8 31. Bd3 $5 (31. Be5 $1 $18) 31... Nb5 32. f3 $2 {
Starting to destroy everything that was achieved with extremly good play!} (32.
Bxh7 g6 33. Be5 $18) 32... Bg6 $16 33. Bxg6 $6 (33. Bxb5+ Kxb5 34. Ra7 Kc4 35.
Rc7+ Kd3 36. Be5 $16) 33... hxg6 34. Re2 $6 Kd7 35. Be1 Rc8 36. Re3 Ra8 $14 {
Now white's advantage is symbolical and the draw is not far away.} 37. Kf2 (37.
h4 Ra2 38. Kh2 Ra3 $14) 37... Ra2+ 38. Re2 Rxe2+ 39. Kxe2 Ke7 40. Kd3 Na3 $11 {
[%cal Gb6b5]} 41. Bh4+ Ke8 42. b5 Nxb5 43. Kc2 Nd6 44. Kb3 Nc4 45. Bg5 Kd7 46.
Bf4 Kc6 47. h4 Kd7 48. Kb4 Kc6 49. Kb3 Kd7 50. Kb4 Kc6 1/2-1/2